2020 Election Review - Statistics

General Stats
  • This quiz has been taken 58 times
    30 since last reset
  • The average score is 44 of 69
Answer Stats
Question Answer % Correct
Who won the Popular Vote Joe Biden
87%
What states did Joe Biden win (type in alphabetical order) Arizona
83%
California
83%
What states did Donald Trump win (type in alphabetical order) Alabama
78%
Alaska
78%
Colorado
78%
Donald Trump has refused to _______, even though all presidents have done it after losing an election Concede
78%
What was the first major news network to project Joe Biden to be the winner of Arizona FOX News
78%
Which state put Joe Biden over 270 electoral votes Pennsylvania
78%
Which former New York City mayor works for Donald Trump Rudy Giuliani
78%
Delaware
74%
Which 3 states make up the "blue wall" (type in alphabetical order) Michigan
74%
Wisconsin
74%
Connecticut
70%
Georgia
70%
Hawaii
70%
Illinois
70%
Maine
70%
Maryland
70%
Massachusetts
70%
Minnesota
70%
Pennsylvania
70%
Which city in Delaware is the location of Biden headquarters Wilmington
70%
Arkansas
65%
Michigan
65%
Nevada
65%
New Mexico
65%
New York
65%
The Democrats gained these 4 seats (type the states they flipped( (in alphabetical order)) Arizona
61%
The above incorrectly said the 3 branches of the U.S. Government (in alphabetical order) Executive
61%
Florida
61%
Idaho
61%
Indiana
61%
Iowa
61%
Kansas
61%
Kentucky
61%
Louisiana
61%
Missouri
61%
Montana
61%
New Hampshire
61%
New Jersey
61%
North Carolina
61%
North Dakota
61%
Ohio
61%
Oregon
61%
Pennsylvania
61%
Tennessee
61%
Texas
61%
Vermont
61%
Virginia
61%
Washington
61%
West Virginia
61%
Wisconsin
61%
Wyoming
61%
Mississippi
57%
Nebraska
57%
Oklahoma
57%
Rhode Island
57%
South Carolina
57%
South Dakota
57%
North Carolina's election was the most expensive senate race in U.S. history (excluding Georgia). Who won this election Thom Tillis
57%
Doug Jones lost to this Republican Tommy Tuberville
57%
Colorado
52%
Georgia
52%
Utah
52%
After out raising Lindsey Graham, _____________, the Democrat still lost Jamie Harrison
43%
______________ lost to Mitch McConnell Amy McGrath
35%
House of Representatives
35%
Senate
35%
No matching quizzes found
Score Distribution
Percent of People with Each Score
Percentile by Number Answered
Your Score History
You have not taken this quiz since the last reset